000 00568nam a2200205Ia 4500
008 140306s9999 xx 000 0 und d
020 _a9.7804392173e+012
050 _aPZ 8.1
_b.T124Jo 2003
100 _aTaback, Simms
245 _aJoseph had a little overcoat /
_cSimms Taback
260 _aUSA :
_bScholastic Inc,
_cc2003.
300 _a30 p. :
_bcol. Ill. ;
_c30 cm.
521 _aG1
526 _cBR
650 _aFolklore
_xEurope, Eastern.
650 _aJews
_xFolklore.
650 _aToy and movable books
_xSpecimens.
942 _cBK
999 _c42875
_d42875